000 00505nam a2200193Ia 4500
005 20250326145454.0
008 250326s9999 xx 000 0 und d
037 _aTextbook
040 _aFMSL
_beng
_cFMSL
041 _aeng
_2eng
084 _qFMSL
100 _aBryson J M
_9745872
245 0 _aCreating public value in practice
_cBryson J M
260 _aUnited Kingdom
_bUnited Kingdom, CRC
_c2015
365 _b5581.54
650 _aManagement
942 _cTB
999 _c1307692
_d1307692